000
00337nam a2200133Ia 4500
008
240624s9999 xx 000 0 und d
041
_a
eng
082
_a
006.7 SAL
100
_a
SALAM ABDUL
245
_a
DEPLOYING AND MANAGING A CLOUD INFRASTRU
260
_c
2015
_a
New Delhi
_b
Wiley
300
_a
429 : p. : cm. ; 28
365
_c
RS
_b
33
999
_c
26335
_d
26335